000 00774cab a2200241 4500
001 ABS53414
008 090401t1995 xxu||||| |||| 00| 0 eng d
035 _a(Sirsi) u4023
041 _aeng
100 _aWhitmore, J.
245 _aPensioned off
260 _c1995
350 _a0
490 _aProperty Week
_v52(5/6/) 3-10 August 1995, 18-19(2)
520 _aAssesses the effect the Pensions Act will have on property as an investment asset for pension funds with the introduction of the minimum funding requirement (MGR).
650 _aINSTITUTIONAL INVESTMENTS
650 _aMINIMUM FUNDING REQUIREMENT
650 _aPENSION FUNDS
650 _aPENSIONS ACT 1995
690 _aPROPERTY-PROPERTY FINANCE AND INVESTMENT
942 _n0
948 _c04/03/1997
999 _c2411
_d2411